000 00404cam a22001337a 4500
008 180718b2006 xxu||||| |||| 00| 0 eng d
082 _aA81x54 01/33A/A
100 _aCensus of India 2001
245 _aKerela: administrative atlas
260 _aDelhi
_bThe Controller of Publications
_c2006
300 _a148+p.
440 _aCensus of India 2001. Series-33, Kerala
650 _aKerala - Atlases - Census
999 _c486379
_d486379